运气测试 - Statistics

General Stats
  • This quiz has been taken 18 933 times
  • The average score is 10 of 20
Answer Stats
Question Tile Select % Correct
随便选择10个 选我 Yes
55%
随便选择10个 选我 Yes
54%
随便选择10个 选我 Yes
54%
随便选择10个 选我 Yes
54%
随便选择10个 选我 Yes
54%
随便选择10个 选我 Yes
54%
随便选择10个 选我 Yes
54%
随便选择10个 选我 Yes
54%
随便选择10个 选我 Yes
54%
随便选择10个 选我 Yes
54%
随便选择10个 选我 No
47%
随便选择10个 选我 No
47%
随便选择10个 选我 No
46%
随便选择10个 选我 No
46%
随便选择10个 选我 No
46%
随便选择10个 选我 No
46%
随便选择10个 选我 No
46%
随便选择10个 选我 No
46%
随便选择10个 选我 No
45%
随便选择10个 选我 No
45%
No matching quizzes found
Score Distribution
Percent of People with Each Score
Percentile by Number Answered
Your Score History
You have not taken this quiz